000 00606nam a2200229Ia 4500
003 OSt
005 20220912150243.0
006 a|||||r|||| 00| 0
007 ta
008 220909b |||||||| |||| 00| 0 eng d
024 _a25739
037 _cTextual
040 _aCSL
_beng
_cCSL
041 _aeng
082 _aY:4:5:(B), L9
100 _aRoundfree George A
245 0 _aSelf-esteem and social adjustment
260 _aCalcutta
_bMinetva Associates
_c1979
300 _axviii,132p.
_ccm.
942 _hY:4:5:(B), L9
_cTEXL
_2CC
999 _c43107
_d43107